[Event "EICC 2017"]
[Site "Minsk"]
[Date "2017.05.31"]
[Round "2"]
[White "Sivuk, Vitaly"]
[Black "Ivanisevic, Ivan"]
[Result "1/2-1/2"]
[WhiteElo "2520"]
[BlackElo "2638"]
[Annotator "TA"]
[PlyCount "146"]
[EventDate "2017.??.??"]
[EventCountry "BLR"]
[SourceTitle "playchess.com"]
[Source "ChessBase"]
[SourceQuality "1"]

{[%evp 14,146,31,10,23,14,20,0,16,11,30,25,38,31,32,38,37,41,30,28,35,28,24,28,31,25,38,40,50,41,44,43,109,112,118,116,141,144,173,126,129,73,203,183,312,188,193,164,172,160,164,166,156,64,435,413,393,345,420,443,428,436,436,429,444,423,386,285,287,285,279,265,266,235,228,237,252,190,156,114,176,95,204,201,212,200,261,258,266,258,367,104,100,32,382,378,329,248,296,229,126,0,0,0,0,0,0,0,0,0,0,0,0,0,0,0,0,0,0,0,0,0,0,0,0,0,0,0,0,0,0,0,0,0,0]} 1. d4 d5 2. c4 c6 3. Nf3 Nf6 4. e3 Bf5 5. Nc3 e6 6. Nh4 Bg6 7. Nxg6 hxg6 8. Bd3 c5 {D12: Slav Defence: 3 Nf3 Nf6 4 e3 Bf5} 9. Qb3 Qd7 10. cxd5 exd5 11. dxc5 Bxc5 12. Qb5 Qxb5 13. Nxb5 Kd7 14. O-O Nc6 15. Rd1 {[#]} a6 $146 ({Predecessor:} 15... Ke7 16. Bd2 Bb4 17. Nc3 Rac8 18. Rac1 Rhd8 19. a3 Bd6 20. Ne2 Ne5 {½-½ (20) Kramnik,V (2744)-Gelfand,B (2724) Saint Vincent 2005}) 16. Nc3 Rad8 17. Bd2 d4 18. exd4 Bxd4 19. Be2 Kc7 20. Rac1 Be5 21. g3 Kb8 22. Kg2 Nb4 (22... Nd4 $14) 23. Na4 $1 $16 Nc6 24. Nc5 $1 Nd4 25. Bc4 Ng4 26. h4 Nf5 27. Be2 (27. Bxf7 $142 Rhf8 28. Be6 (28. Bxg6 Nxf2 29. Kxf2 Nxh4+ 30. Ke2 Nxg6 $16) 28... Nxh4+ 29. gxh4 Rxf2+ 30. Kg1 Rfxd2 31. Rxd2 (31. Bxg4 Rxd1+ 32. Rxd1 Rxd1+ 33. Bxd1 Bd4+ 34. Kg2 Bxc5 $11) 31... Rxd2 32. Nd7+ (32. Bxg4 Bxb2 33. Rc4 Bd4+ 34. Kh1 Bxc5 $16) 32... Ka7 33. Bxg4 Bh2+ 34. Kf1) 27... Nf6 (27... Nxf2 $16 28. Kxf2 Bxg3+ 29. Kg2 Be5) 28. Bf3 $1 $18 Nd6 (28... Rxd2 {keeps fighting.} 29. Rxd2 Bf4) 29. Re1 Rhe8 30. b4 {[%cal Bb2b4,Bb4c5,Bc5c6][%mdl 32]} Nde4 31. Be3 $36 {[%mdl 2048] Keeping Black busy.} ({Worse is} 31. Rxe4 Nxe4 32. Nxe4 f5 $11) 31... Nxc5 32. bxc5 Nd5 33. Rb1 ({White should play} 33. Bg5 $16 f6 34. Bd2) 33... Bc7 $2 {[%mdl 8192]} (33... Bc3 $14) 34. Bxd5 $1 Rxd5 35. c6 $1 b5 {[#]} 36. Ba7+ $1 {[%mdl 512]} Kxa7 37. Rxe8 {[%mdl 4096] Endgame KRR-KRB} Kb6 38. Re7 Rf5 39. Rd1 {Rdd7 is the strong threat.} Rf6 40. Rdd7 Rxc6 41. Rxf7 Be5 42. Kf3 Ka5 43. Ke4 Bf6 44. Rc7 Re6+ 45. Kd3 Kb4 46. Rc2 Rd6+ {[#]} (46... Ka3 $16 47. Rfc7 a5) 47. Ke4 ({Better is} 47. Ke2 $1 $18) 47... a5 {[#]} (47... Ka3 $16 48. f4 Bb2) 48. Rb7 $1 Rd4+ 49. Ke3 Rd5 50. g4 Ka3 51. g5 Bb2 (51... Ba1 $142 52. Rb6 Bb2 53. Rxg6 Rd7) 52. Rc6 $2 (52. Rxb2 $18 {is more deadly.} Kxb2 53. Rxg7) 52... Kxa2 53. Rxg6 {And now h5 would win.} Kb3 $2 {[%mdl 8192]} (53... b4 $1 $14) 54. Rgxg7 a4 55. Rg8 a3 56. Ra8 {Hoping for g6.} a2 57. Rxa2 (57. f4 $16) 57... Kxa2 $16 {KRB-KR. The position is equal.} 58. f4 {aiming for h5.} Bc3 59. h5 b4 $1 60. h6 {Black must now prevent g6.} (60. Rc7 $5 {[%cal Rh5h6]}) 60... b3 61. g6 {Strongly threatening g7.} ({Much worse is} 61. Ke4 Rd4+ 62. Ke3 Rd6 $17) 61... b2 62. g7 Rd8 63. h7 Bd4+ 64. Kf3 Bxg7 $1 65. Rxg7 b1=Q 66. Ra7+ Kb2 {( -> ...Qd1+)} 67. Rb7+ Kc1 68. Rxb1+ Kxb1 $11 {KR-KPP} 69. Ke4 Rh8 70. f5 Rxh7 71. f6 Kc2 72. Kf5 Kd3 73. Kg6 Rh8 {Precision: White = 68%, Black = 47%.} 1/2-1/2

[Event "EICC 2017"]
[Site "Minsk"]
[Date "2017.05.31"]
[Round "2"]
[White "Kanarek, Marcel"]
[Black "Kuzubov, Yuriy"]
[Result "0-1"]
[WhiteElo "2519"]
[BlackElo "2637"]
[Annotator "TA"]
[PlyCount "136"]
[EventDate "2017.??.??"]
[EventCountry "BLR"]
[SourceTitle "playchess.com"]
[Source "ChessBase"]
[SourceQuality "1"]

{[%evp 17,136,7,6,0,8,0,6,6,8,3,3,4,14,0,4,-8,-15,-14,-6,-14,0,0,30,17,26,0,0,0,0,0,0,0,0,0,0,-25,-20,-20,-9,-11,0,0,0,-22,-23,-42,0,-32,-35,-89,-25,-43,-27,-29,-28,-31,-51,-53,-65,-44,-16,-24,-23,-80,-16,-16,-16,-16,-16,-16,-23,-24,-24,-31,-31,-31,-31,-31,-31,-39,-39,-39,-39,-44,-39,-66,-66,-66,-66,-463,-488,-843,-845,-1259,-843,-815,-751,-12817,-12825,-12831,-12826,-12835,-12835,-12840,-12840,-12840,-12840,-12841,-12841,-12842,-12843,-12843,-12843,-12843,-12843,-12846,-12844,-12845,-12845,-12846,-12847]} 1. e4 e5 2. Nf3 Nf6 3. d4 Nxe4 4. Bd3 d5 5. Nxe5 Nd7 6. Nxd7 Bxd7 7. O-O Bd6 8. Nc3 Nxc3 9. bxc3 O-O 10. Qh5 {[%csl Gd3][%cal Rh5h7] C43: Petroff Defence: 3 d4} f5 $1 11. c4 (11. Re1 Qf6 12. Qf3 c6 13. Bf4 Rae8 14. h4 Bc8 15. Qg3 Bxf4 16. Qxf4 Re7 17. Re5 Rxe5 18. dxe5 {1-0 (27) Zhigalko,S (2678)-Sandipan,C (2594) Dubai 2014}) 11... dxc4 12. Bxc4+ {The position is equal.} Kh8 13. Rb1 b6 14. Re1 Qf6 $146 ({Predecessor:} 14... Be8 15. Qh3 Bg6 16. Bd3 Qf6 17. Bb2 Rae8 18. Rbd1 a5 19. c4 Bc5 20. Rxe8 {½-½ (20) Chovanec,M (2531)-Salzmann,S (2334) Chessfriend.com 2005}) 15. Bb2 Rae8 16. Ba1 Re4 {White must now prevent ...Rh4.} 17. g3 $1 Qe7 18. Bc3 Bc6 19. Bd3 Qe6 {Black wants to play ...Rxe1+.} 20. Bxe4 fxe4 21. d5 (21. Rbd1 $5 {[%cal Rd4d5]}) 21... Bxd5 22. Qg5 {[%csl Gc3][%cal Rg5g7]} Rg8 23. Rbd1 Bb7 24. a4 h6 25. Qe3 Qg6 26. Qd2 Re8 27. Bd4 Kh7 28. c4 Qh5 (28... e3 $5 29. Bxe3 (29. Rxe3 Bf4 $17) 29... Qg4 30. Qd3+ Be4 $11) 29. Qe2 Qh3 30. Qf1 Qf5 31. Be3 Bc6 32. a5 (32. c5 $5 bxc5 33. a5 $11) 32... Bb4 33. Bd2 (33. Re2 $15) 33... e3 (33... bxa5 $17 34. h4 Rf8) 34. Rxe3 $11 (34. Bxb4 $2 e2 $19) 34... Bc5 35. Qd3 $1 {[%cal Rd3f5]} Be4 36. Rxe4 $1 Rxe4 ({Avoid the trap} 36... Bxf2+ $2 37. Kg2 $18) 37. Be3 Bxe3 38. fxe3 $15 {[%mdl 4096] Endgame KQR-KQR} Qf3 39. axb6 axb6 40. c5 (40. Re1 $11) 40... bxc5 ({Better is} 40... Qxe3+ $17 41. Qxe3 Rxe3) 41. Rc1 $1 $11 Qxe3+ 42. Qxe3 Rxe3 43. Rxc5 {KR-KR} Re7 44. Kf2 Kg6 45. h4 Kf6 46. Kf3 Ke6 47. Rc1 $1 Kd7 48. Rd1+ Kc8 49. Rc1 Re6 50. Kf4 Kd7 51. h5 Ra6 52. g4 Ra5 53. Ke3 $2 {[%mdl 8192]} (53. Rd1+ $15 Ke6 54. Rd8) 53... Re5+ $1 $19 {Black is clearly winning.} 54. Kd3 (54. Kf4 $142 Ra5 55. Rd1+ Ke6 56. Re1+ Kf6 57. Re8) 54... Rd5+ $1 55. Ke3 {[#]} c5 $1 56. Rf1 Kc6 57. Rf7 Rd7 58. Rf5 Kb5 59. g5 {[#]} hxg5 $1 60. Rxg5 Kb4 61. Rg1 c4 {[%cal Bc5c4,Bc4c3,Bc3c2][%mdl 32]} 62. Rb1+ Kc3 63. Rb5 Kc2 64. Ke2 Re7+ 65. Kf2 c3 66. Rb8 Kc1 67. Kf3 c2 68. Kf4 Rd7 {Precision: White = 44%, Black = 67%.} 0-1

[Event "EICC 2017"]
[Site "Minsk"]
[Date "2017.05.31"]
[Round "2"]
[White "Martirosyan, Haik M"]
[Black "Romanov, Evgeny"]
[Result "1/2-1/2"]
[WhiteElo "2516"]
[BlackElo "2636"]
[Annotator "TA"]
[PlyCount "46"]
[EventDate "2017.??.??"]
[EventCountry "BLR"]
[SourceTitle "playchess.com"]
[Source "ChessBase"]
[SourceQuality "1"]

{[%evp 9,46,26,31,20,33,18,20,20,33,10,10,5,22,21,16,0,12,0,9,0,0,0,0,0,13,-17,-12,-10,-4,-8,-14,-9,-8,-27,0,0,-6,-13,4]} 1. d4 d5 2. c4 dxc4 3. Nf3 Nf6 4. e3 b5 5. a4 b4 6. Bxc4 {Black must now prevent Ne5. D25: Queen's Gambit Accepted: 4 e3: sidelines and 4...Bg4} e6 7. Nbd2 Be7 8. b3 Bb7 9. Bb2 O-O 10. O-O Nbd7 11. Qe2 c5 12. a5 $146 Rc8 13. Ba6 (13. a6 $5 {[%cal Ra6b7]} Bd5 14. Rfc1 $14) 13... Qc7 14. Rfc1 Bxa6 15. Qxa6 Qb8 16. Qe2 Nd5 17. Ne5 Rfd8 18. Ne4 cxd4 19. Nxd7 $1 Rxd7 20. Bxd4 Rdc7 21. Rc4 f5 22. Nd2 {Threatens to win with Be5.} Rxc4 23. Nxc4 Bf6 {Precision: White = 43%, Black = 76%.} (23... Nc3 $5 {[%cal Rc3e2]} 24. Qh5 Qc7 $11) 1/2-1/2

[Event "EICC 2017"]
[Site "Minsk"]
[Date "2017.05.31"]
[Round "2"]
[White "Esipenko, Andrey"]
[Black "Yilmaz, Mustafa"]
[Result "1-0"]
[WhiteElo "2509"]
[BlackElo "2630"]
[Annotator "TA"]
[PlyCount "97"]
[EventDate "2017.??.??"]
[EventCountry "BLR"]
[SourceTitle "playchess.com"]
[Source "ChessBase"]
[SourceQuality "1"]

{[%evp 20,97,27,31,32,33,28,35,32,0,0,0,-1,2,16,16,26,16,16,16,12,22,40,23,33,20,29,11,22,12,59,67,58,51,65,64,79,20,162,162,187,118,120,101,257,266,262,255,256,218,217,216,316,325,377,373,373,345,376,267,247,233,524,524,521,517,509,498,460,362,333,325,301,279,574,543,845,821,758,743]} 1. d4 Nf6 2. c4 g6 3. Nc3 Bg7 4. e4 d6 5. Nf3 O-O 6. h3 Na6 7. Be3 c6 8. Be2 e5 9. dxe5 dxe5 10. Qxd8 Rxd8 11. O-O Be6 {E94: King's Indian: Classical: 6 Be2 e5 7 0-0: Various Black 7th moves} (11... Re8 12. a3 Nh5 13. Rfd1 Nf4 14. Bf1 Ne6 15. b4 f5 16. Na4 Nac7 17. Rac1 b6 18. Bd3 f4 19. Bd2 Nd8 20. b5 c5 21. Nc3 {½-½ (78) Xiu,D (2564)-Ding,L (2710) China 2014}) 12. Rfd1 Nd7 13. Ng5 Nc7 {[%cal Ba6c7,Bc7e8,Be8d6][%mdl 32] White is slightly better.} 14. Nd5 $146 (14. Rd2 $5 {[%cal Ra1d1]} h6 15. Nf3 $14 (15. Nxe6 Nxe6 16. Rad1 Nd4 $11)) ({Predecessor:} 14. Rd2 h6 15. Nf3 Nb6 16. c5 Rxd2 17. Nxd2 Nd7 18. Nc4 Bf8 19. b4 {½-½ (29) Campoy Moreno,A (2316)-Le Page,C (2358) ICCF email 2011}) 14... cxd5 15. cxd5 {[#]} Bxd5 $1 {[%mdl 512]} 16. exd5 {Black must now prevent d6.} (16. Rxd5 Nxd5) 16... Ne8 17. Ne4 Ndf6 {[%cal Bd7f6,Bf6e8,Be8d6,Bd6e4][%mdl 32]} 18. Nc3 Nd6 19. g4 Bf8 20. Rac1 Nfe8 21. a4 Be7 22. a5 Kg7 23. Nb5 h6 24. Nxd6 Nxd6 25. Rc7 $36 {[%mdl 2048] Black is under pressure.} Bh4 26. Bc5 Ne4 27. d6 $1 b6 {[#]} 28. Be3 ({Don't play} 28. axb6 axb6 29. Be3 (29. Bxb6 Rab8 $11) 29... Nxd6 $11) (28. Ba3 $1 $16) 28... Rxd6 (28... Nxd6 $11 29. b4 (29. axb6 axb6 30. Bxb6 Ne4 $11) 29... Bg5) 29. a6 $18 Bd8 30. Rxd6 (30. Rd7 $18 Rxd7 31. Rxd7) 30... Bxc7 $16 (30... Nxd6 $2 {loses.} 31. Rd7 $18) 31. Rc6 Rc8 $2 {[#]} (31... Bd8 $16) 32. Bxb6 $1 $18 {[%mdl 512]} Bxb6 (32... axb6 33. a7) 33. Rxc8 Bxf2+ {[%mdl 4096] Endgame KRB-KBN} 34. Kg2 Bd4 35. Rc7 Kf6 (35... Kf8 {was worth a try.} 36. Bc4 f5) 36. Bc4 Nd6 37. Bd5 e4 38. Kf1 h5 39. b4 hxg4 40. hxg4 g5 $2 (40... Nb5 41. Rd7 Bb6 42. Bxf7 Nc7) 41. Rd7 Ke5 42. Bxf7 Bb6 43. Ke2 Bg1 44. Ba2 Bb6 45. Bb3 Bg1 46. Rb7 Nc8 $2 (46... Kf6 {was called for.} 47. Rb8 Ke7) 47. Rb5+ {White is clearly winning.} Kf4 48. Rf5+ Kg3 49. Rxg5 {Precision: White = 72%, Black = 35%.} 1-0

[Event "EICC 2017"]
[Site "Minsk"]
[Date "2017.05.31"]
[Round "2"]
[White "Dragnev, Valentin"]
[Black "Kovalev, Vladislav"]
[Result "0-1"]
[WhiteElo "2508"]
[BlackElo "2629"]
[Annotator "TA"]
[PlyCount "82"]
[EventDate "2017.??.??"]
[EventCountry "BLR"]
[SourceTitle "playchess.com"]
[Source "ChessBase"]
[SourceQuality "1"]

{[%evp 28,82,60,58,68,63,67,52,54,53,61,56,64,67,60,61,63,34,64,61,64,46,71,68,110,-4,-8,-10,-12,-117,-123,-118,-113,-112,-109,-102,-116,-117,-102,-133,-137,-206,-191,-239,-208,-197,-182,-215,-211,-220,-210,-398,-380,-595,-589,-564,-553]} 1. Nf3 Nf6 2. c4 g6 3. Nc3 Bg7 4. e4 d6 5. d4 O-O 6. Be2 e5 7. O-O c6 8. d5 Na6 9. Be3 Ng4 10. Bg5 {[%cal Be3g5,Bg5h4,Bh4f2][%mdl 32]} f6 11. Bh4 c5 12. Ne1 Nh6 {E94: King's Indian: Classical: 6 Be2 e5 7 0-0: Various Black 7th moves} 13. f3 Nf7 14. Nd3 (14. Rb1 h5 15. Nd3 Bh6 16. Bf2 Bd7 17. b4 b6 18. bxc5 Nxc5 19. a4 a5 20. Qc2 {1-0 (67) So,W (2822)-Shimanov,A (2642) chess.com INT 2017}) 14... Bh6 15. Bf2 {LiveBook: 4 Games} Bd7 16. Rb1 b6 17. b4 f5 18. bxc5 Nxc5 19. Nxc5 {[#]} dxc5 $146 ({Predecessor:} 19... bxc5 20. Bd3 {0-1 (52) Jovanic,O (2469)-Kozul,Z (2576) Vukovar 2005}) 20. a4 Nd6 21. Bd3 Nb7 22. Bc2 Qg5 23. Qd3 Rf6 24. Rbe1 Re8 25. exf5 gxf5 {[#]} 26. Re2 (26. Bg3 $1 $16) 26... Rg6 {[%csl Gg6][%cal Rg5g2]} 27. Bg3 Bg7 {Threatening ...e4!} 28. Qd2 (28. Nb5 $11 {remains equal.}) 28... Qxd2 $17 29. Rxd2 {[#]} Na5 $1 {[%cal Bb7a5,Ba5c4,Bc4d6][%mdl 32]} 30. Nb5 Nxc4 31. Re2 Bxb5 32. axb5 Nd6 33. Rfe1 {[%cal Rg3e5]} Nxb5 34. Ba4 (34. Bxf5 $17 Nd4 35. Bxg6 Nxe2+ 36. Kf2 hxg6 37. Kxe2) 34... a6 $19 35. Rb2 Rd8 {Strongly threatening ...Nd4.} 36. Bh4 Rd7 ({Don't do} 36... Rxd5 37. Bb3 $17) 37. Bxb5 axb5 38. Rxb5 Rxd5 39. Reb1 $2 (39. Kf1) 39... Rd2 40. g3 (40. Bf2 $142) 40... e4 41. fxe4 Bd4+ {Precision: White = 33%, Black = 71%.} 0-1

[Event "EICC 2017"]
[Site "Minsk"]
[Date "2017.05.31"]
[Round "2"]
[White "Sviridov, Valery"]
[Black "Fedorchuk, Sergey A"]
[Result "1-0"]
[WhiteElo "2504"]
[BlackElo "2621"]
[Annotator "TA"]
[PlyCount "79"]
[EventDate "2017.??.??"]
[EventCountry "BLR"]
[SourceTitle "playchess.com"]
[Source "ChessBase"]
[SourceQuality "1"]

{[%evp 11,79,28,35,0,0,-7,0,0,0,0,-7,-22,-14,-17,9,-10,-4,-17,6,-30,34,16,53,28,20,34,71,-16,-7,-36,-24,-47,0,0,0,0,18,0,62,53,120,-7,154,145,104,0,0,0,26,0,0,0,54,61,83,2,105,79,254,227,425,185,260,0,-11,-66,-72,-58,0,0]} 1. Nf3 Nf6 2. c4 e6 3. g3 a6 4. Bg2 b5 5. b3 Bb7 6. O-O c5 7. d3 {A13: English Opening: 1...e6} (7. Nc3 Qb6 8. e3 Be7 9. Qe2 Ne4 10. Bb2 O-O 11. d4 Nxc3 12. Bxc3 cxd4 13. exd4 Bf6 14. Rac1 d6 15. c5 Qd8 16. Rfd1 Bd5 {½-½ (75) Bocharov,D (2611)-Svidler,P (2745) Novosibirsk 2016}) 7... Be7 8. e4 d6 9. Nc3 Qb6 10. Rb1 Nc6 11. h3 $146 ({Predecessor:} 11. Bb2 O-O 12. Qe2 Rab8 13. Nd1 Rfd8 14. Ne3 bxc4 15. bxc4 Qa5 {1-0 (35) Labuckas,A (2335)-Noiroux,K (2150) Plovdiv 2010}) 11... Nd7 12. Be3 Bf6 13. Ne2 Qc7 14. Nh2 h5 15. f4 g6 (15... b4 $11) 16. Nf3 $14 O-O 17. g4 (17. f5 $5) 17... hxg4 18. hxg4 Rfe8 19. Bh3 (19. f5 $1 $16) 19... Bg7 $11 20. g5 Rab8 21. Qd2 Ne7 (21... d5 $5) 22. Bg2 Ba8 23. Ng3 a5 24. Nh2 Nc6 (24... bxc4 $11 25. bxc4 a4) 25. Ng4 Nd4 (25... bxc4 $14 26. dxc4 Nd4) 26. Nh6+ ({White should play} 26. cxb5 $1 $16 {Hoping for a4.} Nxb5 27. Ne2) 26... Kf8 $2 ({Black should try} 26... Bxh6 $1 $11 27. gxh6 Qd8) 27. f5 $1 $16 {[%cal Rf5g6]} exf5 28. Rbe1 (28. exf5 $16 Bxg2 29. Bxd4 Bxf1 30. Bxg7+ Kxg7 31. Rxf1) 28... bxc4 $11 29. dxc4 {[%cal Re4f5]} Qb7 (29... f4 $5) 30. Qxa5 (30. Bh1 $5 {[%cal Re4f5]} Qb4 31. exf5 Qxd2 32. Bxd2 $14) 30... Be5 31. Bf4 $1 Re7 (31... Bxf4 $11 32. Rxf4 Ne5) 32. Qd2 $1 $14 Rbe8 33. Rf2 (33. exf5 $16 Bxf4 34. Rxe7 Rxe7 35. Rxf4 Re1+ 36. Kh2) 33... Bxf4 (33... fxe4 $1 $11 {keeps the balance.} 34. Nxe4 Qb4) 34. Qxf4 $16 {aiming for Ref1.} Ne5 $2 (34... Qb8 $16 {might work better.}) 35. Rd1 $18 Qb4 $2 (35... Qa7 36. exf5 Bxg2) 36. Qh4 (36. exf5 $142 Bxg2 37. Kxg2) 36... Ra7 {[#]} (36... Rd7 $142) 37. Rdf1 $2 (37. Nhxf5 $1 $18 {[%cal Rh4h8][%mdl 512]} Kg8 (37... gxf5 38. Qh6+) 38. Nxd6) 37... Qc3 $11 {Threatening ...fxe4.} ({Don't go for} 37... Nd3 $2 {[#]} 38. Nhxf5 $1 {[%mdl 512]} gxf5 39. Qh6+ (39. Nxf5 Nxf5 40. exf5 Ke7 $18) 39... Ke7 40. Nxf5+ Kd7 41. Qxd6+ Kc8 42. Nxd4 $16) 38. Qf4 (38. Kh2 $1 $11) 38... Ne6 $15 39. Qh4 f4 ({Better is} 39... fxe4 $15 40. Bxe4 Bxe4 41. Nxe4 Qd4) 40. Ne2 {[%mdl 32768] Precision: White = 34%, Black = 30%. . Loss on Time!?} 1-0

[Event "EICC 2017"]
[Site "Minsk"]
[Date "2017.05.31"]
[Round "2"]
[White "Firat, Burak"]
[Black "Popov, Ivan"]
[Result "1/2-1/2"]
[WhiteElo "2499"]
[BlackElo "2618"]
[Annotator "TA"]
[PlyCount "24"]
[EventDate "2017.??.??"]
[EventCountry "BLR"]
[SourceTitle "playchess.com"]
[Source "ChessBase"]
[SourceQuality "1"]

{[%evp 10,24,25,17,14,10,14,14,27,12,15,-3,0,6,5,0,5]} 1. d4 d5 2. c4 c6 3. Nf3 Nf6 4. e3 Bf5 5. Nc3 a6 {[%cal Ba7a6,Ba6a5,Ba5a4][%mdl 32]} 6. Qb3 b5 {D15: Slav Defence: 4 Nc3 a6 and gambit lines after 4 Nc3 dxc4} 7. c5 a5 8. Ne5 a4 9. Qd1 g6 {The position is equal.} 10. Bd3 $146 ({Predecessor:} 10. g4 Be6 11. Bg2 Bg7 12. f4 Qc8 13. h3 h5 14. g5 {½-½ (61) Matlakov,M (2693)-Malakhov,V (2706) Sochi 2015}) 10... Bxd3 11. Nxd3 Bg7 12. Qc2 O-O 1/2-1/2

[Event "EICC 2017"]
[Site "Minsk"]
[Date "2017.05.31"]
[Round "2"]
[White "Potapov, Pavel"]
[Black "Kozul, Zdenko"]
[Result "1/2-1/2"]
[WhiteElo "2497"]
[BlackElo "2617"]
[Annotator "TA"]
[PlyCount "134"]
[EventDate "2017.??.??"]
[EventCountry "BLR"]
[SourceTitle "playchess.com"]
[Source "ChessBase"]
[SourceQuality "1"]

{[%evp 13,134,6,6,0,8,4,18,14,15,3,12,0,7,10,10,17,21,0,0,-9,-8,-21,-25,-32,-18,-19,0,-4,0,0,0,0,0,0,0,0,17,11,7,0,0,0,18,16,24,24,36,0,0,0,0,0,0,0,0,0,21,25,19,21,34,27,19,19,41,41,41,41,41,41,41,20,23,14,26,26,26,26,26,26,18,12,8,0,0,0,0,0,0,0,0,0,0,0,0,0,0,0,0,0,0,0,0,0,0,-39,0,-7,0,0,0,0,0,0,0,0,0,0,0,0,0,0,0]} 1. e4 c5 2. c3 Nf6 3. e5 Nd5 4. Nf3 e6 5. Bc4 d6 6. d4 cxd4 7. cxd4 Be7 {LiveBook: 369 Games} 8. O-O {B22: Sicilian: 2 c3} O-O 9. Qe2 Bd7 10. Rd1 Bc6 11. Bxd5 $146 ({Predecessor:} 11. Bd2 Nd7 12. Nc3 N7b6 13. Nxd5 Nxd5 14. exd6 Qxd6 15. Ne5 Rfd8 {0-1 (39) Menkinovski,R (2369)-Kozul,Z (2602) Skopje 2012}) 11... Bxd5 12. Nc3 Bxf3 13. Qxf3 d5 14. Qg4 {Bh6 is the strong threat.} f5 15. exf6 (15. Qg3 {feels hotter.} Nc6 16. Ne2 Rc8 17. Bd2 Bh4 18. Qd3) 15... Rxf6 16. Ne2 Nc6 17. Nf4 Bd6 18. g3 ({Not} 18. Nxe6 $2 Qd7 $19) 18... Bxf4 19. Bxf4 Qb6 20. Be3 Re8 21. b3 Rf7 22. Kg2 Qb4 23. h3 Qc3 24. Qe2 a6 25. Rac1 Qb4 26. Qg4 Qf8 27. Rd2 Rc7 28. Bf4 {[%cal Be3f4,Bf4d6,Bd6c5][%mdl 32]} Rcc8 29. Re1 Qf5 30. Bd6 (30. Qd1 {seems wilder.} Ne7 31. Bd6 Ng6 32. Qg4 Kf7 33. Rde2) 30... Qxg4 31. hxg4 h6 32. Re3 Kf7 33. Rf3+ Kg6 34. Re3 Rcd8 35. Bc5 e5 36. dxe5 {[#] Black must now prevent Bb6.} Rxe5 37. Rxe5 Nxe5 $11 {[%mdl 4096] Endgame KRB-KRN} 38. f3 {[%cal Bf2f3,Bf3f4][%mdl 32]} Rd7 39. Re2 Nc6 40. f4 Kf7 41. Kf3 Rd8 42. Bb6 Rc8 43. Rd2 Ke6 44. a3 Ne7 45. Bd4 Kf7 46. Re2 Nc6 47. Bb6 Nb8 48. Bd4 Rc1 49. Rd2 Nc6 50. Bb2 Rb1 51. b4 g6 52. Kf2 Ke6 53. Re2+ Kf7 54. Rd2 Ne7 55. Rc2 Rh1 {[#] aiming for ...Rh2+.} 56. Kf3 {White wants to play Rc7.} Rb1 57. Kf2 (57. Be5 $5 {[%cal Rc2c7]}) 57... h5 58. gxh5 gxh5 59. Rd2 Nf5 60. Bh8 {The position is equal.} Rb3 61. Rxd5 Nxg3 62. Rd7+ Ke6 63. Rxb7 h4 64. Kg2 Rxa3 65. b5 axb5 66. Rxb5 Re3 67. Re5+ Rxe5 {Precision: White = 75%, Black = 69%.} 1/2-1/2

[Event "EICC 2017"]
[Site "Minsk"]
[Date "2017.05.31"]
[Round "2"]
[White "Shevchenko, Kirill"]
[Black "Tomczak, Jacek"]
[Result "1-0"]
[WhiteElo "2491"]
[BlackElo "2615"]
[Annotator "TA"]
[PlyCount "75"]
[EventDate "2017.??.??"]
[EventCountry "BLR"]
[SourceTitle "playchess.com"]
[Source "ChessBase"]
[SourceQuality "1"]

{[%evp 21,75,49,67,70,70,68,70,37,98,87,96,72,88,84,69,44,39,38,18,20,18,-36,0,-47,0,0,18,4,0,0,8,0,33,6,49,-77,-64,-71,231,220,1354,1318,1543,1303,1359,1320,2402,1092,1048,0,2261,2079,3981,3081,2085,1348]} 1. d4 Nf6 2. c4 g6 3. Nc3 Bg7 4. e4 O-O 5. Nf3 d6 6. h3 Na6 7. Bg5 h6 8. Be3 e5 9. d5 Nc5 10. Nd2 a5 11. g4 Ne8 12. Qc2 {E90: King's Indian: Classical: Early deviations and 6 h3} Bd7 13. O-O-O a4 $146 ({Predecessor:} 13... c6 14. Kb1 Nc7 15. Nb3 Nxb3 16. Qxb3 Qb8 17. c5 dxc5 18. Bxc5 Re8 19. Bc4 a4 {1-0 (41) Lovkov,R (2111)-Lavrov,M Smolensk 2001}) 14. Kb1 {White is slightly better.} Qb8 (14... a3 $14) 15. a3 $16 Qa7 16. f3 c6 17. h4 Nc7 18. g5 h5 19. Bh3 Bxh3 20. Rxh3 Qa5 21. Nf1 (21. Rh2 $11) 21... Nb3 $15 22. Qf2 {[#] aiming for Bb6.} Rfc8 23. Nd2 Nd4 24. f4 $36 {[%mdl 2048] White has some pressure.} cxd5 25. fxe5 dxe5 26. exd5 b5 $1 27. Nf3 {[%cal Rf3d4]} b4 {[#]} 28. Ne4 (28. Nxe5 $1 $14 {[%mdl 512] was forced to keep a grip.} Nf5 (28... Bxe5 29. axb4) 29. Nc6) 28... Nxd5 {...bxa3 is the strong threat.} 29. Bxd4 Nf4 $2 {[%mdl 8192]} (29... exd4 $17 {keeps the pressure on.} 30. Nxd4 (30. cxd5 bxa3 31. Nxd4 Qxd5 $11) 30... bxa3 31. cxd5 axb2 32. Kxb2 Rcb8+ 33. Kc2 (33. Ka1 $2 Rb3 $19) 33... Qxd5) 30. axb4 Qxb4 $2 (30... Nxh3 31. bxa5 Nxf2 32. Bxf2 Rxc4) 31. Nxe5 $18 Bxe5 32. Bxe5 Qxc4 33. Nf6+ Kf8 34. Nd7+ (34. Rc3 $142 Qe2 35. Qxe2 Nxe2 36. Re3) 34... Kg8 35. Nf6+ (35. Qxf4 $142 Qxf4 36. Bxf4) 35... Kf8 $1 36. Bxf4 {White is clearly winning.} Qe6 37. Bd6+ Kg7 38. Re3 {Precision: White = 34%, Black = 40%.} 1-0